| 000 | 01400cam a2200361 a 4500 | ||
|---|---|---|---|
| 999 |
_c3427 _d3427 |
||
| 001 | 16955209 | ||
| 003 | OSt | ||
| 005 | 20240108082357.0 | ||
| 008 | 110909s2008 enka 000 0 eng d | ||
| 010 | _a 2010526193 | ||
| 020 | _a9780194791328 (pbk.) | ||
| 020 | _a0194791327 (pbk.) | ||
| 035 | _a(OCoLC)ocn235276237 | ||
| 040 |
_aBKL _beng _cBKL _dBKL _dOTP _dTVG _dBTCTA _dYDXCP _dNLGGC _dOCLCQ _dDLC _dKH8 |
||
| 042 | _alccopycat | ||
| 082 | _a813.3 POE | ||
| 100 | 1 |
_aPoe, Edgar Allan, _eauthor. |
|
| 245 | 1 | 0 |
_aTales of mystery and imagination / _cEdgar Allan Poe ; retold by Margaret Naudi. |
| 250 | _aSimplified ed. | ||
| 260 |
_aOxford ; _aNew York : _bOxford University Press, _cc2008. |
||
| 300 |
_a72 p. : _bill. ; _c20 cm. |
||
| 490 | 0 | _aOxford bookworms library. Fantasy & horror. Stage 3 | |
| 505 | 0 | _aThe fall of the House of Usher -- The black cat -- The masque of the Red Death -- William Wilson -- The tell-tale heart. | |
| 650 | 0 | _aReaders (Adult) | |
| 650 | 0 |
_aEnglish language _vTextbooks for foreign speakers. |
|
| 650 | 0 |
_aReading comprehension _vProblems, exercises, etc. |
|
| 655 | 7 |
_aHorror fiction. _2gsafd |
|
| 655 | 7 |
_aGhost stories. _2gsafd |
|
| 700 | 1 | _aNaudi, Margaret. | |
| 906 |
_a7 _bcbc _ccopycat _d2 _encip _f20 _gy-gencatlg |
||
| 942 |
_2ddc _cTR |
||